000 00601nam a2200229 i 4500
001 C2-0312326
003 PPAK
005 20180728104042.0
008 110928s1976 my |||| ||||| | may d
040 _aPPAK
_beng
_cPPAK
_erda
082 0 4 _a899.233
_223
090 0 0 _a899.233
_bAMI
_dKIH
100 0 _aAmil jaya,
_eauthor
245 1 0 _aCerah
264 1 _aKuala Lumpur :
_bDewan Bahasa dan Pustaka ,
_c1976
300 _avii, 156 pages ;
_c18 cm
336 _2rdacontent
_atext
337 _2rdamedia
_aunmediated
338 _2rdacarrier
_avolume
650 1 0 _aMalay fiction
942 _ddc
_cB
999 _c114335
_d114335